| 000 | 00359nam a2200157Ia 4500 | ||
|---|---|---|---|
| 003 | OSt | ||
| 005 | 20231229065127.0 | ||
| 008 | 170524s9999 xx 000 0 und d | ||
| 020 | _a9788120300545 | ||
| 040 | _cIIMTU | ||
| 100 | _aJordan Edward C | ||
| 245 | 0 | _aElectromegnatic Waves and Radiating System | |
| 260 | _bPHI | ||
| 260 | _c2007 | ||
| 942 |
_2ddc _c02 |
||
| 999 |
_c4802 _d4802 |
||